00297nam a2200097Ia 4500008004100000082001600041100004200057245005800099260003300157300000900190210430s9999 xx 000 0 und d a150 S9743 P aVirginia Staudt Sexton, Henryk Misian aPsychology Around The World /cVirginia Staudt Sexton aUKbFlorence, Kentuckyc1976 a470p